Cardiovascular physiology. (10th ed.) (Record no. 30925)
[ view plain ]
| 000 -LEADER | |
|---|---|
| fixed length control field | 00682nam a2200169 a 4500 |
| 008 - FIXED-LENGTH DATA ELEMENTS--GENERAL INFORMATION | |
| fixed length control field | 150223s2013 ||||||||||||||||| || u |
| 020 ## - INTERNATIONAL STANDARD BOOK NUMBER | |
| International Standard Book Number | 9780323086974 |
| 050 ## - LIBRARY OF CONGRESS CALL NUMBER | |
| Classification number | QP 101 Pap |
| 100 ## - MAIN ENTRY--PERSONAL NAME | |
| Personal name | Pappano, Archilles J |
| 245 10 - TITLE STATEMENT | |
| Title | Cardiovascular physiology. (10th ed.) |
| Statement of responsibility, etc. | By Achilles J. Pappano [and] Withrow Gil Wier |
| 250 ## - EDITION STATEMENT | |
| Edition statement | 10th ed. |
| 260 ## - PUBLICATION, DISTRIBUTION, ETC. | |
| Place of publication, distribution, etc. | Philadelphia |
| Name of publisher, distributor, etc. | Elsevier/Mosby |
| Date of publication, distribution, etc. | 2013 |
| 300 ## - PHYSICAL DESCRIPTION | |
| Extent | xii, 292p.: ill. |
| 350 ## - | |
| -- | 47.95 |
| 650 #3 - SUBJECT ADDED ENTRY--TOPICAL TERM | |
| Topical term or geographic name entry element | CARDIOVASCULAR PHYSIOLOGICAL PHENOMENA |
| 995 ## - | |
| -- | MICHAEL CHILUFYA SATA OPEN ACCESS |
| -- | 902916 |
| -- | CBU-SCHOOL OF MEDICINE LIBRARY (Ndola) |
| -- | 47.95 |
| -- | QP 101 Pap |
| -- | 1 |
| -- | AVAILABLE |
| -- | Mar 16, 2015 |
| -- | 902916 |
| -- | Medical Library Open Access Collection |
| 999 ## - | |
| -- | 30925 |
| -- | 30925 |
| Withdrawn status | Lost status | Source of classification or shelving scheme | Damaged status | Not for loan | Permanent Location | Current Location | Shelving location | Date acquired | Total Checkouts | Full call number | Barcode | Date last seen | Date last checked out | Price effective from | Koha item type |
|---|---|---|---|---|---|---|---|---|---|---|---|---|---|---|---|
| CBU-SCHOOL OF MEDICINE LIBRARY, NDOLA. | CBU-SCHOOL OF MEDICINE LIBRARY, NDOLA. | 11/30/2022 | 1 | QP 101 Pap | 902916 | 07/23/2025 | 07/01/2025 | 11/30/2022 | MONOGRAPH |